000 00464nam a2200181Ia 4500
008 230711s9999||||xx |||||||||||||| ||und||
020 _a978-93-5097-188-8
041 _aENG
082 _a658.5
_bAS-P
100 _aAswathappa,K
245 0 _aProduction and operations management
250 _a2nd Ed.
260 _c2012
_aMumbai
_bHimalaya Publishing House
300 _a656
650 _aUNIVESITY BUSNIESS SCHOOL
700 _aBhat,K Shridhara
942 _cBK
999 _c5440
_d5440